Statistiques concernant Culture Générale - Série 637

Cliquez ici pour prendre le quiz!

Statistiques générales

  • Ce quiz a été pris 58 fois
  • Le résultat moyen est 7 sur 10

Statistiques - réponses

QuestionRéponse% Correct
A quel pays d'Europe se rapporte le verbe "hispaniser" ?Espagne
100%
Quel symbole peut être de Malte, de Lorraine, de Saint-André ou rouge ?croix
91%
De quel mot "beauf" est-il l'abréviation ?beau-frère
89%
Dans une grotte, comment nomme-t-on les concrétions calcaires coniques qui partent du sol ?stalagmites
81%
Quel cinéaste a réalisé “Nikita”, en 1990 ?Luc Besson
74%
En littérature comme au cinéma, que signifie l'abréviation S.F. ?Science-fiction
72%
En 1973, Stone et Charden chantaient : "Made in...Normandie
69%
En 1965, au cinéma, quelle nounou de rêve fut incarnée par Julie Andrews ?Mary Poppins
67%
Quel est le prénom du père de l'actrice : Jamie Lee Curtis ?Tony
50%
Quel est le nom de la célèbre place où s'élève l'hôtel de ville de Bruxelles ?Grand-Place
37%

Distribution des résultats

Percentile par nombre de réponses

% des personnes avec chaque résultat

Votre développement - résultats

Vous n’avez pas pris ce quiz